000 00413nam a2200181Ia 4500
005 20250423101049.0
008 250422s9999 xx 000 0 und d
020 _a9789350145920
050 _aTA 549 .S28/
100 _aSoni, Saurabh Kumar
245 0 _aSurveying - I
260 _aNew Delhi
260 _bS.K. Kataria & Sons
260 _c2016
300 _a363 p
650 _aSurveying.
942 _cBK
999 _c35171
_d35171